• 首页
  • 本馆介绍
  • 公告通知
  • 最新文献
  • 馆藏检索
  • 电子资源
  • 读者导购
  • 参考咨询
  • 我的图书馆
  • 登录
  • 详细信息显示
  • 放入我的书架
  • 预约/预借图书
  • 作者相关作品
  • 分类相关作品
  • 丛书相关作品
  • 出版社相关作品

书目信息

  • 表格格式
  • 工作单格式
  • 卡片格式
书名: Developing reading skills
作者: Fran餭oise Grellet.
分册号:
分册名:
出版地: Cambridge, Eng. :
 
出版社: Cambridge University Press
出版时间: c1981.
页数: iv, 252 p. :
开本: 24 cm.
丛书名:
中图分类号:
科图分类号:
其他分类号: H31
主题词:
电子资源:
000 00786nam 2200217Ia 4504
001 E0761167779
005 20070302101225.64
008 030408s1981 enka b 00010 eng d
020    @a0521283647 (pbk.).
040    @aCOV@cCOV@dOCL@eCIN/js
090    @aJ688.4/W659
090    @aH31
099    @dH31@ex119
100 1  @aGrellet, Fran餭oise.
245 10 @aDeveloping reading skills :@ba practical guide to reading comprehension exercises / @cFran餭oise Grellet.
260 0  @aCambridge, Eng. :@bCambridge University Press,@cc1981.
300    @aiv, 252 p. :@bill. ;@c24 cm.
504    @aBibliography: p. 251.
650  0 @aEnglish language@xTextbooks for foreign speakers.
650  0 @aEnglish language@xStudy and teaching@xForeign speakers.
650  0 @aReading comprehension.
    
    Developing reading skills : : a practical guide to reading comprehension exercises / / Fran餭oise Grellet.-Cambridge, Eng. : : Cambridge University Press, , c1981.
    iv, 252 p. : : ill. ; ; 24 cm.
    Bibliography: p. 251.
    
    ISBN 0521283647 (pbk.).
    
●
相关链接 在E读中查询图书 在五车中查询图书 在当当中查询图书 在豆瓣中查询图书


正题名:Developing reading skills     索取号:H31/x119         预约/预借

序号 登录号 条形码 馆藏地/架位号 状态 备注
1 128103   001039575   第四借阅区/ [索取号:H31/x119] 在馆    
2 128104   001039539   第四借阅区/ [索取号:H31/x119] 在馆    
3 128105   001039511   第四借阅区/ [索取号:H31/x119] 在馆    
唐山师范学院图书馆 欢迎您!
大连网信软件有限公司© 版权所有